| 000 | 00666 a2200181 4500 | ||
|---|---|---|---|
| 999 |
_c8568 _d8568 |
||
| 020 | _a9780199576388 (pbk.) | ||
| 020 | _a0199576386 (pbk.) | ||
| 050 | 0 | 0 | _aPC2640 OXF 2009 |
| 245 | 0 | 0 |
_aOxford essential French dictionary: _bFrench-English, English-French = franȧis-anglais, anglais-franȧis / _c[contributors, Michael Janes ... [et al.].]. |
| 250 | _a1st ed. | ||
| 264 |
_aOxford: _bOxford University Press, _c2009 |
||
| 300 | _axi, 480 p. ; | ||
| 500 | _aPreviously pub. as: Oxford French mini dictionary, c2005. | ||
| 650 | 0 |
_aFrench language _xEnglish. |
|
| 650 | 0 |
_aEnglish language _xFrench. |
|
| 700 | 1 | _aJanes, Michael. | |
| 942 |
_2lcc _cREF _h2640 _iOXF _kPC |
||